000 00545nam a2200169Ia 4500
005 20250508163529.0
008 008 250505s9999 xx 000 0 eng d
037 _aBooks to be hide in OPAC
040 _aFEDL
_beng
_cFEDL
041 _aeng
_2eng
084 _a372.241, NCE/O
_qFEDL
245 0 _aUsing the environment as a basis for meaningful learning in primary education
245 0 _cNational Council of Educational Research and Training
300 _a134p.
942 _cHB
_h372.241, NCE/O
999 _c1383905
_d1383905